| 000 | 00640nam a22002297a 4500 | ||
|---|---|---|---|
| 001 | 51887 | ||
| 003 | BD-RjUL | ||
| 005 | 20211209075727.0 | ||
| 008 | 160904s1984 us a|||| |||| 001 0 eng d | ||
| 020 | _a0874846633 | ||
| 035 | _a(BD-RjUL)52007 | ||
| 040 |
_aBD-RjUL _beng _cBD-RjUL |
||
| 041 | _aeng | ||
| 082 |
_223 _a001.6424 _bLEP 1984 |
||
| 100 | 1 |
_aLedin, George . _9155197 |
|
| 245 | 1 | 0 |
_aPascal / _cGeorge Ledin |
| 260 |
_aHamilton Avenue : _bMayfield Publishing co., _cc1984. |
||
| 300 |
_axiii, 281 p. : _bill. ; _c26 cm. |
||
| 500 | _aIncludes index. | ||
| 650 |
_aPascal (Computer program language) _9118190 |
||
| 942 |
_2ddc _cBK |
||
| 999 |
_c51887 _d51887 |
||